| 000 | 00981nam a22002177a 4500 | ||
|---|---|---|---|
| 008 | 100301s2010 xxu|||||r|||| 001 0 eng d | ||
| 020 | _a9783642043284 | ||
| 082 |
_222 _a025.04 _bSEM |
||
| 245 |
_aSemantic Web Information Management _bA Model-based Perspective/ _cRoberto De Virgilio, Fausto Giunchiglia & Letizia Tanca Editors |
||
| 260 |
_a New York: _b Springer-Verlag, 2010 _c2010 |
||
| 300 |
_a549p.: _bill.; _c23 cm. |
||
| 504 | _aIncludes bibliographical references and index | ||
| 650 |
_912057 _aKnowledge management |
||
| 650 |
_911743 _aSemantic Web. |
||
| 700 |
_912059 _aGiunchiglia, Fausto |
||
| 700 |
_912060 _aTanca, Letizia |
||
| 700 |
_912061 _aDe Virgilio, Roberto |
||
| 942 |
_2ddc _cNB |
||
| 999 |
_c13546 _d13546 |
||